UM Logo

Guide to operating systems / (Record no. 18641)

MARC details
000 -LEADER
fixed length control field 00592nam a22001817a 4500
005 - DATE AND TIME OF LATEST TRANSACTION
control field 20250915143910.0
008 - FIXED-LENGTH DATA ELEMENTS--GENERAL INFORMATION
fixed length control field 240104b ||||| |||| 00| 0 eng d
020 ## - INTERNATIONAL STANDARD BOOK NUMBER
International Standard Book Number 9780357433836
082 ## - DEWEY DECIMAL CLASSIFICATION NUMBER
Classification number DC 005.432 T599 2021
100 ## - MAIN ENTRY--PERSONAL NAME
Personal name Tomsho, Greg.
9 (RLIN) 28500
245 ## - TITLE STATEMENT
Title Guide to operating systems /
Statement of responsibility, etc. Greg Tomsho.
250 ## - EDITION STATEMENT
Edition statement Sixth edition.
260 ## - PUBLICATION, DISTRIBUTION, ETC. (IMPRINT)
Place of publication, distribution, etc. United States of America :
Name of publisher, distributor, etc. Cengage learning Inc.,
Date of publication, distribution, etc. ©2021.
300 ## - PHYSICAL DESCRIPTION
Extent xx, 569 pages :
Other physical details color illustration ;
Dimensions 23 cm.
500 ## - GENERAL NOTE
General note Includes glossary and index.
650 ## - SUBJECT ADDED ENTRY--TOPICAL TERM
Topical term or geographic name as entry element Operating systems (Computers).
9 (RLIN) 50612
942 ## - ADDED ENTRY ELEMENTS (KOHA)
Source of classification or shelving scheme Dewey Decimal Classification
Koha item type Circulation
Holdings
Withdrawn status Lost status Source of classification or shelving scheme Damaged status Not for loan Collection code Home library Current library Shelving location Date acquired Source of acquisition Cost, normal purchase price Total Checkouts Full call number Barcode Date last seen Date last checked out Copy number Price effective from Koha item type
    Dewey Decimal Classification     Circulation UM Digos College - LIC UM Digos College - LIC Book Cart 08/08/2023 Purchased 7749.00 2 DC 005.432 T599 2021 27640 04/03/2025 03/31/2025 1 01/04/2024 Circulation
    Dewey Decimal Classification     Circulation UM Digos College - LIC UM Digos College - LIC   08/11/2025 Purchased 10195.00   DC 005.432 T599 2021 28705 09/04/2025   2 09/04/2025 Circulation